Movies Quiz

Random Movies Quiz

The Movies of 1961-1964 (Picture Quiz) Stats

 Plays Quiz not verified by Sporcle

Also try: Tattoos in Movies
Challenge
Share
Tweet
Image and video hosting by TinyPic
Score 0/16 Timer 06:00
0 Plays Today
Picture Movie % Correct
2 (61)101 Dalmatians
93.5%
2 (64)Mary Poppins
92.4%
4 (63)Cleopatra
91.4%
1 (64)Goldfinger
89.3%
4 (62)Lawrence of Arabia
89.2%
4 (61)Breakfast at Tiffany's
88.4%
3 (62)To Kill a Mockingbird
83.8%
2 (63)The Birds
83.6%
Picture Movie % Correct
4 (64)Dr. Strangelove or: How I Learned to Stop Worrying and Love the Bomb
82.8%
1 (61)West Side Story
79.1%
2 (62)Dr. No
77.8%
3 (64)My Fair Lady
75.8%
1 (63)The Sword in the Stone
62.6%
3 (63)The Great Escape
39.3%
3 (61)Judgment at Nuremberg
37.8%
1 (62)Lolita
36.6%

You're not logged in!

Compare scores with friends on all Sporcle quizzes.
Join for Free
OR
Log In

You Might Also Like...

Show Comments

Extras

Top Quizzes Today


Score Distribution

Your Account Isn't Verified!

In order to create a playlist on Sporcle, you need to verify the email address you used during registration. Go to your Sporcle Settings to finish the process.

Report this User

Report this user for behavior that violates our Community Guidelines.

Details: